| 000 | 00000nam##2200000za#4500 |
| 001 | 9.640630 |
| 003 | CaOODSP |
| 005 | 20210624222752 |
| 007 | cr ||||||||||| |
| 008 | 150407|2000||||xxc|||||o f|0| 0 fre|d |
| 040 | |aCaOODSP|bfre |
| 043 | |an-cn--- |
| 086 | 1 |aF2-143/2000F-PDF |
| 110 | 1 |aCanada. |bMinistère des finances. |
| 245 | 10|aAvis de motion de voies et moyens visant à modifier la Loi de l'impôt sur le revenu, les règles concernant l'application de l'impôt sur le revenu et certaines lois liées à la Loi de l'impôt sur le revenu |h[ressource électronique] |
| 260 | |aOttawa - Ontario : |bFinances Canada |c[2000]. |
| 300 | |a194p. |
| 590 | |a12-38-Supp|b2012-09-27 |
| 691 | 07|aAmendement|2gcpds |
| 691 | 07|aImpôt sur le revenu|2gcpds |
| 775 | 08|tNotice of ways and means motion to amend the Income Tax Act, the income tax application rules and certain acts related to the Income Tax Act |w(CaOODSP)9.696518 |
| 776 | 0#|tNotice of ways and means motion to amend the Income Tax Act, the income tax application rules and certain acts related to the Income Tax Act / |w(CaOODSP)9.661993 |
| 776 | 0#|tAvis de motion de voies et moyens visant à modifier la Loi de l'impôt sur le revenu, les règles concernant l'application de l'impôt sur le revenu et certaines lois liées à la Loi de l'impôt sur le revenu / |w(CaOODSP)9.661994 |
| 856 | 40|ahttp://publications.gc.ca|qPDF|s1.14 Mo|uhttps://publications.gc.ca/collections/Collection/F2-143-2000F.pdf |